Top 50 Tallest Buildings in the World - Statistics

General Stats
  • This quiz has been taken 27 times
  • The average score is 12 of 53
Answers on the Map
Answers color-coded by a green-red scale on the quiz's map according to % correct below.
 
Answer Stats
Answer % Correct
Burj Khalifa
96%
One World Trade Center
80%
Taipei 101
76%
Shanghai Tower
72%
Willis Tower
68%
Abraj Al-Bait Clock Tower
60%
Petronas Towers
60%
Empire State Building
52%
Merdeka 118
52%
Lotte World Tower
48%
China Zun
44%
Lakhta Center
40%
Guangzhou CTF FC
32%
Tianjin CTF FC
32%
Central Park Tower
28%
Haeundae LCT TSLT
28%
Jin Mao Tower
28%
Trump IHT
28%
Wuhan Greenland Center
28%
Landmark 81
24%
432 Park Avenue
20%
111 West 57th Street
16%
Al Hamra
16%
International Commerce Centre
16%
One Vanderbilt
16%
Ping An IFC
16%
Shanghai WFC
16%
Autograph Tower
12%
KK100
12%
Princess Tower
12%
The Exchange 106
12%
30 Hudson Yards
8%
CITIC Plaza
8%
Guangzhou IFC
8%
Wuhan Center
8%
Zifeng Tower
8%
2 IFC
4%
Marina 101
4%
Suzhou IFS
4%
23 Marina
0%
Burj Mohammed bin Rashid
0%
Changsha IFS Tower T1
0%
China Resources Tower
0%
Dongguan ITC
0%
Elite Residence
0%
Eton Place Dalian Tower 1
0%
Guangxi CRT
0%
Guiyang IFC T1
0%
International Land-Sea Center
0%
Logan Century Center 1
0%
PIF Tower
0%
Shum Yip Upperhills Tower 1
0%
Shun Hing Square
0%
No matching quizzes found
Score Distribution
Percent of People with Each Score
Percentile by Number Answered
Your Score History
You have not taken this quiz